000 00679nam a2200289Ia 4500
005 20260324133237.0
008 008 260324s9999 xx 000 0 eng d
020 _a9781315253152
037 _aEBOOK
040 _aCRL
040 _beng
040 _cCRL
041 _2eng
041 _aeng
084 _qCRL
100 _aGreg Alston
_91192344
245 0 _aHow Safe is Safe Enough?
245 0 _bLeadership, Safety and Risk Management
260 _bTaylor and Francis
260 _c2003
365 _a
365 _b275
856 _uhttp://www.taylorfrancis.com/books/9781315253152
942 _cEBOOK
999 _c1791218
_d1791218